Vymáhanie daňového nedoplatku

Daňové nedoplatky a daňová exekúcia podľa zákona č. 563/2009 Z.z. o správe dani v znení neskorších predpisov.

Guardado en:
Detalles Bibliográficos
Autor principal: Mrukviová Tomiová, Sandra
Formato: Capítulo de libro
Lenguaje:eslovaco
Materias:
Etiquetas: Agregar Etiqueta
Sin Etiquetas, Sea el primero en etiquetar este registro!

MARC

LEADER 00000naa a2200000 4500
001 0222960
005 20231120131158.5
041 0 |a slo 
044 |a SK 
245 1 0 |a Vymáhanie daňového nedoplatku  |c Sandra Mrukviová Tomiová 
520 |a Daňové nedoplatky a daňová exekúcia podľa zákona č. 563/2009 Z.z. o správe dani v znení neskorších predpisov. 
610 2 0 |a nedoplatky 
610 2 0 |a dane 
610 2 0 |a správa daňová 
610 2 0 |a zákony 
610 2 0 |a poriadok daňový 
100 1 |a Mrukviová Tomiová, Sandra